The Panther mystery
| Main Author: | |
|---|---|
| Other Authors: | |
| Format: | Book |
| Published: |
Illinois :
Albert Whitman & Company ,
1998
|
| Series: | A Boxcar children's mystery
|
| Subjects: |
MARC
| LEADER | 00000cam a2200000 7i4500 | ||
|---|---|---|---|
| 001 | 0000078607 | ||
| 005 | 20040914.0 | ||
| 020 | |a 0807563277 | ||
| 090 | 0 | 0 | |a JF |b WAR |
| 100 | 1 | |a Warner, Gertrude Chandler | |
| 245 | 1 | 4 | |a The Panther mystery |c Gertrude Chandler Warner ; illustrated by Charles Tang |
| 260 | |a Illinois : |b Albert Whitman & Company , |c 1998 | ||
| 300 | |a 121p. : |b ill. ; |c 21cm. | ||
| 490 | 0 | |a A Boxcar children's mystery | |
| 650 | 0 | 0 | |a Children's stories |
| 700 | 0 | |a Tang, Charles , |e illustrated | |
| 999 | |a 00175120 |b BUKU |c PINJAMAN |e PERPUSTAKAAN KOMUNITI PETALING JAYA | ||